|
|
|
|
| LEADER |
00764cam a2200229 7i4500 |
| 001 |
0000052971 |
| 005 |
20191014090000.0 |
| 020 |
|
|
|a 9781473749054 (pbk.)
|
| 090 |
0 |
0 |
|a HF5686.C8
|b D78 2018
|
| 100 |
1 |
|
|a Drury, Colin
|
| 245 |
1 |
0 |
|a Cost and management accounting
|c Colin Drury.
|
| 250 |
|
|
|a 9th ed.
|
| 260 |
|
|
|a Andover, Hampshire:
|b Cengage Learning,
|c 2018.
|
| 300 |
|
|
|a xvii, 527 p.;
|c 26 cm.
|
| 650 |
0 |
0 |
|a Managerial accounting
|
| 650 |
0 |
0 |
|a Cost accounting
|
| 997 |
|
|
|a Business & Accountancy, Faculty
|
| 998 |
|
|
|a Accountancy, Diploma
|
| 998 |
|
|
|a Accountancy, Degree
|
| 999 |
|
|
|a 0000067304
|b BOK
|c OPEN SHELF
|e 1st Floor, Shah Alam
|
| 999 |
|
|
|a 0000067305
|b BOK
|c OPEN SHELF
|e 1st Floor, Shah Alam
|
| 999 |
|
|
|a 0000067306
|b BOK
|c OPEN SHELF
|e 1st Floor, Shah Alam
|